The king’s peace: Law and order in the British empire (Record no. 525793)
[ view plain ]
| 000 -LEADER | |
|---|---|
| fixed length control field | 00988nam a22001457a 4500 |
| 008 - FIXED-LENGTH DATA ELEMENTS--GENERAL INFORMATION | |
| fixed length control field | 240415b ||||| |||| 00| 0 eng d |
| 100 ## - MAIN ENTRY--PERSONAL NAME | |
| Personal name | Farmer, Lindsay |
| 245 ## - TITLE STATEMENT | |
| Title | The king’s peace: Law and order in the British empire |
| 260 ## - PUBLICATION, DISTRIBUTION, ETC. (IMPRINT) | |
| Place of publication, distribution, etc | Social & Legal Studies |
| 300 ## - PHYSICAL DESCRIPTION | |
| Extent | 33(2), Apr, 2024: p.300-305 |
| 520 ## - SUMMARY, ETC. | |
| Summary, etc | "The King's Peace" refers to the principle of maintaining law and order under the British monarchy, particularly during the era of the British Empire. It signified the Crown's authority to ensure public security and resolve disputes within its territories. The concept extended globally, encompassing the colonial administration's enforcement of laws and governance. However, it also reflected imperial control, often prioritizing British interests over local autonomy or traditions in the colonies. https://journals.sagepub.com/doi/abs/10.1177/09646639231202613 |
| 773 ## - HOST ITEM ENTRY | |
| Main entry heading | Social & Legal Studies |
| 906 ## - LOCAL DATA ELEMENT F, LDF (RLIN) | |
| Subject DIP | PUBLIC ADMINISTRATION |
| 942 ## - ADDED ENTRY ELEMENTS (KOHA) | |
| Item type | Articles |
| Withdrawn status | Lost status | Source of classification or shelving scheme | Damaged status | Not for loan | Permanent location | Current location | Date acquired | Serial Enumeration / chronology | Barcode | Date last seen | Koha item type |
|---|---|---|---|---|---|---|---|---|---|---|---|
| Indian Institute of Public Administration | Indian Institute of Public Administration | 2024-04-15 | 33(2), Apr, 2024: p.300-305 | AR131584 | 2024-04-15 | Articles |
